Tjerita Malim Deman dan Puteri Bungsu, (Record no. 89520)

MARC details
000 -LEADER
fixed length control field 00801cam a22002531 4500
001 - CONTROL NUMBER
control field sa 68020603
003 - CONTROL NUMBER IDENTIFIER
control field DLC
005 - DATE AND TIME OF LATEST TRANSACTION
control field 20260227112726.0
008 - FIXED-LENGTH DATA ELEMENTS--GENERAL INFORMATION
fixed length control field 760415s1965 io a 000 1 ind
010 ## - LIBRARY OF CONGRESS CONTROL NUMBER
LC control number sa 68020603
035 ## - SYSTEM CONTROL NUMBER
System control number (OCoLC)2114169
040 ## - CATALOGING SOURCE
Original cataloging agency DLC
Transcribing agency OAU
Modifying agency DLC
042 ## - AUTHENTICATION CODE
Authentication code premarc
050 00 - LIBRARY OF CONGRESS CALL NUMBER
Classification number PL5089.M265
Item number T5 1965
100 1# - MAIN ENTRY--PERSONAL NAME
Personal name Madjoindo, A. Dt.
Fuller form of name (Aman Dt.),
Dates associated with a name 1895-
245 10 - TITLE STATEMENT
Title Tjerita Malim Deman dan Puteri Bungsu,
Statement of responsibility, etc. oleh A. Dt. Madjoindo. Dihiasi 4 gambar oleh Wied Suroso.
250 ## - EDITION STATEMENT
Edition statement Tjet. 2.
260 ## - PUBLICATION, DISTRIBUTION, ETC.
Place of publication, distribution, etc. Djakarta,
Name of publisher, distributor, etc. Balai Pustaka,
Date of publication, distribution, etc. 1965.
300 ## - PHYSICAL DESCRIPTION
Extent 172 p.
Other physical details illus.
Dimensions 17 cm.
500 ## - GENERAL NOTE
General note Cover title : Malim Deman dan Putri Bungsu.
500 ## - GENERAL NOTE
General note Based on Hikayat Malim Deman.
730 0# - ADDED ENTRY--UNIFORM TITLE
Uniform title Hikayat Malim Deman.
740 0# - ADDED ENTRY--UNCONTROLLED RELATED/ANALYTICAL TITLE
Uncontrolled related/analytical title Malim Deman dan Putri Bungsu.

No items available.

Powered by Koha